[Event "Collado Villalba op 39th"]
[Site "Collado Villalba"]
[Date "2022.08.27"]
[Round "8"]
[White "Herrero Corada, Jose Ignacio"]
[Black "Malaga Saralegui, Rodrigo"]
[Result "1-0"]
[WhiteElo "1741"]
[BlackElo "1176"]
[PlyCount "83"]
[EventDate "2022.08.20"]
[EventType "swiss"]
[EventRounds "9"]
[EventCountry "ESP"]
[SourceTitle "EXT 2023"]
[Source "ChessBase"]
[SourceDate "2022.10.05"]
[SourceVersion "1"]
[SourceVersionDate "2022.10.05"]
[SourceQuality "1"]

1. e4 e6 2. d4 d5 3. exd5 exd5 4. Bd3 Nc6 5. Ne2 Bd6 6. c3 Nf6 7. Bf4 Bg4 8. f3 Bh5 9. 0-0 Qd7 10. Re1 0-0-0 11. Qc2 Bg6 12. Nd2 Nh5 13. Bxd6 Qxd6 14. Nf1 Nf4 15. Nxf4 Qxf4 16. Re3 Rhe8 17. Rae1 Rxe3 18. Rxe3 Bxd3 19. Qxd3 h5 20. Ng3 Kb8 21. Nxh5 Qh6 22. Ng3 Rh8 23. Nf1 Qg5 24. Qe2 a6 25. Re8+ Rxe8 26. Qxe8+ Ka7 27. Qxf7 Qc1 28. Qxd5 Qxb2 29. Qc5+ Kb8 30. a4 g6 31. h4 Na7 32. d5 b6 33. Qb4 Qc1 34. d6 a5 35. dxc7+ Kxc7 36. Qe7+ Kb8 37. Qd6+ Kb7 38. Qxg6 Qxc3 39. Qe4+ Ka6 40. Ng3 Nc6 41. h5 Ne5 42. Qa8# 1-0

[Event "Collado Villalba op 39th"]
[Site "Collado Villalba"]
[Date "2022.08.26"]
[Round "7"]
[White "Pastor Alonso de Prado, Emilio Alberto"]
[Black "Herrero Corada, Jose Ignacio"]
[Result "1-0"]
[WhiteElo "2050"]
[BlackElo "1741"]
[PlyCount "75"]
[EventDate "2022.08.20"]
[EventType "swiss"]
[EventRounds "9"]
[EventCountry "ESP"]
[SourceTitle "EXT 2023"]
[Source "ChessBase"]
[SourceDate "2022.10.05"]
[SourceVersion "1"]
[SourceVersionDate "2022.10.05"]
[SourceQuality "1"]

1. b3 c6 2. Bb2 d5 3. e3 Bf5 4. Nf3 Nd7 5. c4 e6 6. Nc3 Ngf6 7. d4 Bb4 8. Bd3 Ne4 9. Bxe4 Bxe4 10. 0-0 Bg6 11. Ne2 0-0 12. Rc1 Qe7 13. Nf4 Be4 14. Ne1 Bd6 15. f3 Bxf4 16. exf4 Bg6 17. Nd3 Qf6 18. g3 Rad8 19. cxd5 exd5 20. Ne5 Qf5 21. Re1 f6 22. Nxd7 Qxd7 23. g4 Rfe8 24. Ba3 Rxe1+ 25. Qxe1 Bd3 26. Qe3 Bg6 27. f5 Bf7 28. Qf4 Qe8 29. Kf2 Qd7 30. h4 Qc8 31. Re1 Re8 32. Rg1 Rd8 33. g5 Qb8 34. Qxb8 Rxb8 35. gxf6 g6 36. h5 g5 37. Bd6 h6 38. Bxb8 1-0

[Event "Collado Villalba op 38th"]
[Site "Collado Villalba"]
[Date "2021.08.28"]
[Round "8"]
[White "Herrero Corada, Jose Ignacio"]
[Black "Hurtado Oldridge, Felipe"]
[Result "1-0"]
[WhiteElo "1724"]
[BlackElo "1930"]
[PlyCount "107"]
[EventDate "2021.08.21"]
[EventType "swiss"]
[EventRounds "9"]
[EventCountry "ESP"]
[SourceTitle "EXT 2022"]
[Source "ChessBase"]
[SourceDate "2021.10.06"]
[SourceVersion "1"]
[SourceVersionDate "2021.10.06"]
[SourceQuality "1"]

1. e4 d5 2. exd5 Nf6 3. Nc3 Nxd5 4. Bc4 c6 5. Qf3 e6 6. Nge2 Be7 7. d4 0-0 8. 0-0 Nd7 9. Qg3 Bh4 10. Qg4 f5 11. Qh3 N7b6 12. Bb3 Bf6 13. Nxd5 Nxd5 14. c3 g5 15. Qg3 Kh8 16. Bd2 Bd7 17. c4 Nc7 18. Bc3 b5 19. d5 f4 20. Bxf6+ Qxf6 21. Qc3 Qxc3 22. Nxc3 exd5 23. cxd5 c5 24. d6 Ne8 25. Bd5 Rc8 26. Ne4 Nf6 27. Bb7 Rb8 28. Nxc5 Rfd8 29. Rad1 f3 30. Bxf3 Rb6 31. h3 h5 32. Nxd7 Rxd7 33. Rfe1 Rbxd6 34. Rxd6 Rxd6 35. Rd1 Ra6 36. a3 Ra4 37. Bc6 a6 38. Rd6 Kg7 39. Kf1 Rc4 40. Bb7 a5 41. Rc6 Rd4 42. Rc5 b4 43. Rxg5+ Kf7 44. Rxa5 Rd2 45. axb4 Rxb2 46. b5 Nd7 47. Bf3 Nc5 48. Bxh5+ Ke7 49. Bg6 Nb3 50. Ra7+ Kf6 51. Ra6+ Kg7 52. h4 Nd4 53. Rb6 Nxb5 54. Bd3 1-0

[Event "Collado Villalba op 38th"]
[Site "Collado Villalba"]
[Date "2021.08.27"]
[Round "7"]
[White "Elissalt Cardenas, Hector"]
[Black "Herrero Corada, Jose Ignacio"]
[Result "1-0"]
[WhiteElo "2297"]
[BlackElo "1724"]
[PlyCount "71"]
[EventDate "2021.08.21"]
[EventType "swiss"]
[EventRounds "9"]
[EventCountry "ESP"]
[SourceTitle "CBM 204 Extra"]
[Source "ChessBase"]
[SourceDate "2021.11.30"]
[SourceVersion "1"]
[SourceVersionDate "2021.11.30"]
[SourceQuality "1"]

1. d4 c6 2. c4 d5 3. cxd5 cxd5 4. Bf4 Nc6 5. e3 Nf6 6. Bd3 e6 7. Nc3 Bd6 8. Bxd6 Qxd6 9. f4 0-0 10. Nf3 Ng4 11. Bxh7+ Kh8 12. Ng5 f5 13. Bg6 e5 14. Bh5 exd4 15. Bxg4 fxg4 16. h3 dxc3 17. hxg4+ Kg8 18. Qd3 Bf5 19. gxf5 cxb2 20. Rb1 Nb4 21. Qd1 Rac8 22. 0-0 Nxa2 23. Qh5 Qh6 24. Qf3 Rxf5 25. Rxb2 Nc3 26. Rxb7 Rcf8 27. Rb3 d4 28. Ne4 Nxe4 29. Qxe4 dxe3 30. Rxe3 Rxf4 31. Qd5+ R4f7 32. Ref3 Qb6+ 33. R1f2 Qb1+ 34. Kh2 Qb8+ 35. g3 Qb7 36. Qxb7 1-0

[Event "Collado Villalba op-B 36th"]
[Site "Collado Villalba"]
[Date "2019.08.27"]
[Round "5"]
[White "Herrero Corada, Jose Ignacio"]
[Black "Petru, Lucian Olimpiu"]
[Result "0-1"]
[WhiteElo "1753"]
[BlackElo "1899"]
[PlyCount "124"]
[EventDate "2019.08.23"]
[EventType "swiss"]
[EventRounds "9"]
[EventCountry "ESP"]
[SourceTitle "CBM 192 Extra"]
[Source "Chessbase"]
[SourceDate "2019.11.06"]
[SourceVersion "1"]
[SourceVersionDate "2019.11.06"]
[SourceQuality "1"]

1. e4 c6 2. d4 d5 3. exd5 cxd5 4. c4 Nc6 5. Nc3 Nf6 6. Bg5 e6 7. Nf3 Be7 8. c5 0-0 9. Bb5 Bd7 10. Bxc6 Bxc6 11. 0-0 a5 12. Ne5 Be8 13. Na4 Bb5 14. Re1 Ne4 15. Bxe7 Qxe7 16. f3 Bxa4 17. Qxa4 Nf6 18. Rac1 Rfc8 19. Qb5 a4 20. Rc3 Qc7 21. Ra3 Ra5 22. Qb4 Rca8 23. b3 Nd7 24. Rxa4 Rxa4 25. bxa4 Nxe5 26. Rxe5 Qc6 27. Qb5 Rxa4 28. Qxc6 bxc6 29. Re2 Rxd4 30. Rb2 Kf8 31. Rb6 Rd1+ 32. Kf2 Rd2+ 33. Kf1 Rxa2 34. Rxc6 Ke8 35. Rb6 Rc2 36. c6 g5 37. Rb8+ Ke7 38. Rb7+ Kd6 39. Rxf7 h5 40. Rh7 g4 41. f4 d4 42. Rd7+ Kxc6 43. Rxd4 h4 44. Re4 Kd6 45. Re5 g3 46. hxg3 hxg3 47. Re2 Rc4 48. Rd2+ Ke7 49. Rd3 Rxf4+ 50. Ke1 Rg4 51. Ke2 e5 52. Kf3 Rg8 53. Ke4 Ke6 54. Rf3 Rg4+ 55. Ke3 Kd5 56. Rf5 Ra4 57. Kf3 Ra3+ 58. Ke2 Ke4 59. Rg5 Ra2+ 60. Kf1 Kf4 61. Rg8 e4 62. Rf8+ Ke3 0-1

[Event "Collado Villalba op-B 36th"]
[Site "Collado Villalba"]
[Date "2019.08.26"]
[Round "4"]
[White "Medrano del Val, Julio"]
[Black "Herrero Corada, Jose Ignacio"]
[Result "0-1"]
[WhiteElo "1789"]
[BlackElo "1753"]
[PlyCount "83"]
[EventDate "2019.08.23"]
[EventType "swiss"]
[EventRounds "9"]
[EventCountry "ESP"]
[SourceTitle "CBM 192 Extra"]
[Source "Chessbase"]
[SourceDate "2019.11.06"]
[SourceVersion "1"]
[SourceVersionDate "2019.11.06"]
[SourceQuality "1"]

1. d4 c6 2. Nf3 d5 3. c4 Nf6 4. Nbd2 Bf5 5. Qb3 Qb6 6. c5 Qc7 7. e3 Nbd7 8. Bd3 Bxd3 9. Qxd3 e5 10. Qe2 e4 11. Ng1 Be7 12. f3 0-0 13. fxe4 Nxe4 14. Nxe4 dxe4 15. Nh3 f5 16. Bd2 Nf6 17. Qc4+ Nd5 18. Nf4 Qd7 19. 0-0 Kh8 20. Nxd5 cxd5 21. Qe2 Rf6 22. b4 Raf8 23. b5 Bd8 24. g3 Bc7 25. Rf2 g5 26. Raf1 Qg7 27. a4 f4 28. Be1 f3 29. Qa2 Qd7 30. a5 Rh6 31. Bb4 Qh3 32. c6 Rd8 33. Be7 Rg8 34. b6 Bxg3 35. c7 Bxf2+ 36. Qxf2 Rh4 37. Rc1 Rg4+ 38. Kh1 Rc8 39. Rg1 Rxg1+ 40. Kxg1 axb6 41. axb6 Ra8 42. Qb2 0-1

[Event "Collado Villalba op-B 36th"]
[Site "Collado Villalba"]
[Date "2019.08.24"]
[Round "2"]
[White "Palomares Cortez, Facundo Sebast"]
[Black "Herrero Corada, Jose Ignacio"]
[Result "0-1"]
[WhiteElo "1636"]
[BlackElo "1753"]
[PlyCount "50"]
[EventDate "2019.08.23"]
[EventType "swiss"]
[EventRounds "9"]
[EventCountry "ESP"]
[SourceTitle "CBM 192 Extra"]
[Source "Chessbase"]
[SourceDate "2019.11.06"]
[SourceVersion "1"]
[SourceVersionDate "2019.11.06"]
[SourceQuality "1"]

1. e4 c6 2. d4 d5 3. Nc3 dxe4 4. Nxe4 Nf6 5. Nxf6+ exf6 6. Nf3 Bd6 7. Bd3 0-0 8. 0-0 Re8 9. Be3 Bg4 10. c4 Nd7 11. Kh1 Nf8 12. h3 Be6 13. a3 Ng6 14. Qc2 Qd7 15. Bxg6 hxg6 16. Ng1 Rad8 17. Rad1 Bb8 18. Rfe1 Bf5 19. Qc3 Be4 20. f4 g5 21. Rf1 g4 22. Qd2 gxh3 23. Nf3 Qg4 24. Qf2 Bxf3 25. Qxf3 hxg2+ 0-1

[Event "Collado Villalba op-B 35th"]
[Site "Collado Villalba"]
[Date "2018.08.29"]
[Round "6"]
[White "Gonzalez Pinar, Adrian"]
[Black "Herrero Corada, Jose Ignacio"]
[Result "1/2-1/2"]
[WhiteElo "1593"]
[BlackElo "1764"]
[PlyCount "66"]
[EventDate "2018.08.24"]
[EventType "swiss"]
[EventRounds "9"]
[EventCountry "ESP"]
[SourceTitle "CBM 186 Extra"]
[Source "ChessBase"]
[SourceDate "2018.08.24"]
[SourceVersion "1"]
[SourceVersionDate "2018.08.24"]
[SourceQuality "1"]

1. c4 c6 2. g3 d5 3. Nf3 Nf6 4. Bg2 Bf5 5. Qb3 Qb6 6. cxd5 Qxb3 7. axb3 cxd5 8. Nc3 Bd7 9. d3 e6 10. 0-0 Be7 11. e4 dxe4 12. dxe4 Bc6 13. Nd4 a6 14. Bf4 0-0 15. Nxc6 Nxc6 16. e5 Nd7 17. Rfd1 Ndxe5 18. Bxe5 Nxe5 19. Bxb7 Rab8 20. Bxa6 Rxb3 21. Na4 Bf6 22. Ra3 Rfb8 23. Rxb3 Rxb3 24. f4 Ng6 25. Bc4 Rb8 26. b3 Be7 27. Nc3 Kf8 28. Nb5 Bc5+ 29. Kg2 Ke7 30. Nd4 Rb6 31. Nb5 Nf8 32. Ra1 Rb8 33. Kf3 Nd7 1/2-1/2

[Event "Collado Villalba op-B 34th"]
[Site "Collado Villalba"]
[Date "2017.08.28"]
[Round "7"]
[White "Herrero Corada, Jose Ignacio"]
[Black "Salgado Duarte, Pablo"]
[Result "1-0"]
[WhiteElo "1828"]
[BlackElo "1549"]
[PlyCount "119"]
[EventDate "2017.08.22"]
[EventType "swiss"]
[EventRounds "9"]
[EventCountry "ESP"]
[SourceTitle "CBM 180 Extra"]
[Source "ChessBase"]
[SourceDate "2017.10.06"]
[SourceVersion "1"]
[SourceVersionDate "2017.10.06"]
[SourceQuality "1"]

1. e4 e5 2. Nf3 Nc6 3. Bb5 a6 4. Bxc6 dxc6 5. 0-0 Bd6 6. d4 Bg4 7. dxe5 Bxf3 8. Qxf3 Bxe5 9. c3 Nf6 10. Nd2 0-0 11. Nc4 Qe7 12. Nxe5 Qxe5 13. Re1 Rac8 14. Bf4 Qe6 15. Qe2 Rfe8 16. f3 Nh5 17. Be3 Rcd8 18. b3 Rd7 19. Rad1 Red8 20. Bg5 Nf6 21. Rxd7 Rxd7 22. Rd1 h6 23. Bh4 Ne8 24. Rd3 Rxd3 25. Qxd3 Qd6 26. Qd4 c5 27. Qd5 Qxd5 28. exd5 f6 29. Bg3 Nd6 30. Kf1 Kf7 31. Ke2 g5 32. Kd3 f5 33. Be5 h5 34. c4 Ke7 35. Kc3 Kd7 36. b4 Nf7 37. f4 g4 38. bxc5 c6 39. d6 Nd8 40. Kb4 Nf7 41. Bf6 b6 42. cxb6 Nxd6 43. c5 Ne4 44. Be5 Kc8 45. Kc4 Nd2+ 46. Kd4 Kb7 47. Bf6 Nf1 48. h3 Ng3 49. Ke5 Nf1 50. Kd4 Ng3 51. Bh4 Ne4 52. Be1 Kb8 53. Bb4 Kb7 54. Ke5 gxh3 55. gxh3 Nf2 56. Kxf5 Nxh3 57. Be1 Ng1 58. Ke4 Nh3 59. Bh4 Ng1 60. f5 1-0

[Event "Collado Villalba op-B 32nd"]
[Site "Collado Villalba"]
[Date "2015.08.29"]
[Round "8"]
[White "Fernandez Garcia, Ignacio"]
[Black "Herrero Corada, Jose Ignacio"]
[Result "1-0"]
[WhiteElo "1870"]
[BlackElo "1792"]
[PlyCount "77"]
[EventDate "2015.08.22"]
[EventType "swiss"]
[EventRounds "9"]
[EventCountry "ESP"]
[SourceTitle "EXT 2016"]
[Source "ChessBase"]
[SourceDate "2015.10.08"]
[SourceVersion "1"]
[SourceVersionDate "2015.10.08"]
[SourceQuality "1"]

1. e4 c6 2. d4 d5 3. Nc3 dxe4 4. Nxe4 Nf6 5. Ng5 h6 6. N5f3 c5 7. Bc4 e6 8. Ne2 Nc6 9. c3 cxd4 10. Nexd4 Nxd4 11. Nxd4 Bc5 12. Be3 0-0 13. Qe2 Bb6 14. Rd1 Qe7 15. 0-0 e5 16. Nc2 Bc7 17. h3 Bf5 18. Nb4 Bd6 19. Qf3 Be6 20. Qg3 Kh8 21. Nd5 Nxd5 22. Bxd5 Bxd5 23. Rxd5 Rfd8 24. Rfd1 b6 25. Qf3 Bc7 26. Qf5 Rxd5 27. Rxd5 Rd8 28. Qd3 e4 29. Rxd8+ Bxd8 30. Qc4 Bc7 31. g3 Kg8 32. Qd5 Kf8 33. a4 Bd6 34. Qa8+ Qe8 35. Qxa7 b5 36. Qb6 Qd7 37. Qxb5 Qxh3 38. Bc5 Qe6 39. Qb8+ 1-0

[Event "Madrid-ch Previa-B"]
[Site "Madrid"]
[Date "2013.02.09"]
[Round "5"]
[White "Franco Rincon, David"]
[Black "Herrero Corada, Jose Ignacio"]
[Result "0-1"]
[WhiteElo "1671"]
[BlackElo "1849"]
[PlyCount "110"]
[EventDate "2013.02.01"]
[EventType "swiss"]
[EventRounds "9"]
[EventCountry "ESP"]
[SourceTitle "CBM 152 Extra"]
[Source "ChessBase"]
[SourceDate "2013.02.25"]
[SourceVersion "1"]
[SourceVersionDate "2013.02.25"]
[SourceQuality "1"]

1. e4 c6 2. d4 d5 3. exd5 cxd5 4. Bd3 Nc6 5. c3 Nf6 6. Bf4 Bg4 7. Nf3 e6 8. Nbd2 Be7 9. Qc2 Bh5 10. 0-0 Bg6 11. Ne5 Bxd3 12. Qxd3 0-0 13. Ndf3 Nxe5 14. Nxe5 Nd7 15. Rfe1 Nxe5 16. Bxe5 Bf6 17. Qg3 Bxe5 18. Qxe5 b5 19. a3 a5 20. Rec1 Qb8 21. Qxb8 Raxb8 22. Kf1 Rfc8 23. Ke2 Kf8 24. Kd3 Rc4 25. b3 Rc7 26. Ra2 Ke7 27. Rac2 a4 28. Rb1 Ra7 29. Rcb2 axb3 30. Rxb3 Ra4 31. Ra1 Kd6 32. f4 Kc6 33. Kc2 Rc8 34. Kb2 Rc4 35. Rc1 Re8 36. Re1 f6 37. Rb4 Rxb4+ 38. axb4 Kd6 39. Kc2 e5 40. fxe5+ fxe5 41. dxe5+ Rxe5 42. Rxe5 Kxe5 43. Kd3 h6 44. Ke3 g6 45. g3 h5 46. h3 g5 47. g4 h4 48. Ke2 Ke4 49. Kd2 Kf3 50. Kd3 Kg3 51. Kd4 Kxh3 52. Kxd5 Kxg4 53. c4 bxc4 54. b5 h3 55. Kxc4 h2 0-1

[Event "Collado Villalba op-A 29th"]
[Site "Collado Villalba"]
[Date "2012.08.31"]
[Round "8"]
[White "Herrero Corada, Jose Ignacio"]
[Black "Lopez Ziegler, Carlos"]
[Result "0-1"]
[WhiteElo "1850"]
[BlackElo "1918"]
[PlyCount "104"]
[EventDate "2012.08.24"]
[EventType "swiss"]
[EventRounds "9"]
[EventCountry "ESP"]
[SourceTitle "CBM 150 Extra"]
[Source "ChessBase"]
[SourceDate "2012.10.19"]
[SourceVersion "1"]
[SourceVersionDate "2012.10.19"]
[SourceQuality "1"]

1. e4 Nf6 2. Nc3 d5 3. exd5 Nxd5 4. Bc4 Nb6 5. Bb3 e5 6. Qh5 Qf6 7. Nf3 Bd6 8. Ne4 Qg6 9. Qxg6 hxg6 10. d4 Nc6 11. Be3 f6 12. 0-0-0 Bf5 13. Nxd6+ cxd6 14. dxe5 dxe5 15. h3 Be4 16. Bxb6 Bxf3 17. gxf3 axb6 18. c3 Rh4 19. Rhg1 g5 20. Rg3 Ke7 21. Rd5 Ra5 22. Kd2 Nd8 23. Rd3 Ne6 24. Bxe6 Kxe6 25. a3 Rb5 26. b4 Rd5 27. a4 Rxd3+ 28. Kxd3 Kd5 29. Kc2 Ke6 30. Kd3 Kf5 31. Ke3 Ke6 32. Kd3 g6 33. Ke3 Kf5 34. Ke2 Ke6 35. Ke3 Kd5 36. Kd3 Kd6 37. Ke3 Ke6 38. Kd3 Kd5 39. Kc2 Rh5 40. Kd3 f5 41. c4+ Ke6 42. Kc3 Kf6 43. a5 bxa5 44. bxa5 f4 45. Rg1 Rxh3 46. Rd1 Rxf3+ 47. Kb4 Rxf2 48. Rd6+ Kf5 49. Kc5 g4 50. Rb6 g3 51. Rb1 g2 52. Rg1 f3 0-1

[Event "Collado Villalba op 28th"]
[Site "Collado Villalba"]
[Date "2011.08.30"]
[Round "8"]
[White "Martin Consuegra, Barrilero Javier"]
[Black "Herrero Corada, Jose Ignacio"]
[Result "1-0"]
[WhiteElo "1892"]
[BlackElo "1852"]
[PlyCount "115"]
[EventDate "2011.08.23"]
[EventType "swiss"]
[EventRounds "9"]
[EventCountry "ESP"]
[SourceTitle "CBM 144 Extra"]
[Source "ChessBase"]
[SourceDate "2011.10.28"]
[SourceVersion "1"]
[SourceVersionDate "2011.10.28"]
[SourceQuality "1"]

1. d4 c6 2. Nf3 d5 3. Bf4 Nf6 4. e3 Bg4 5. Be2 e6 6. Ne5 Bxe2 7. Qxe2 Nbd7 8. Nd2 Nxe5 9. Bxe5 Nd7 10. Bg3 Be7 11. 0-0 0-0 12. c4 Bf6 13. Rac1 Qa5 14. a3 Rfe8 15. Nf3 Qa6 16. Rfd1 e5 17. dxe5 Nxe5 18. Nxe5 Bxe5 19. Bxe5 Rxe5 20. Qf1 dxc4 21. Qxc4 Qxc4 22. Rxc4 Kf8 23. Kf1 Ke8 24. Rcd4 Re7 25. Ke2 c5 26. Rd5 Rc8 27. f3 f6 28. e4 Kf7 29. Kd3 b5 30. b3 Rcc7 31. Kc3 Re6 32. h4 Ra6 33. Ra1 b4+ 34. Kc4 Rxa3 35. Rxa3 bxa3 36. Rd6 Rb7 37. Ra6 Ke7 38. Rxa3 Kd6 39. Ra6+ Ke5 40. g3 g6 41. Rc6 Rb4+ 42. Kc3 Rb5 43. Rc7 f5 44. exf5 Kxf5 45. Rxh7 Ra5 46. Rc7 Ke6 47. Rc6+ Kf7 48. Kc4 Ra1 49. Rxc5 a5 50. Rc7+ Ke6 51. Rc6+ Kf5 52. Kb5 Ra3 53. Rc3 Ke5 54. Kc4 Ra1 55. Kd3 a4 56. bxa4 Rxa4 57. Rc5+ Kf6 58. g4 1-0

[Event "Collado Villalba op 28th"]
[Site "Collado Villalba"]
[Date "2011.08.28"]
[Round "6"]
[White "Ruiz Sanchez, Roberto"]
[Black "Herrero Corada, Jose Ignacio"]
[Result "1-0"]
[WhiteElo "1997"]
[BlackElo "1852"]
[PlyCount "67"]
[EventDate "2011.08.23"]
[EventType "swiss"]
[EventRounds "9"]
[EventCountry "ESP"]
[SourceTitle "CBM 144 Extra"]
[Source "ChessBase"]
[SourceDate "2011.10.28"]
[SourceVersion "1"]
[SourceVersionDate "2011.10.28"]
[SourceQuality "1"]

1. e4 c6 2. d4 d5 3. exd5 cxd5 4. c4 Nf6 5. Nc3 e6 6. Nf3 Bb4 7. cxd5 Nxd5 8. Bd2 0-0 9. Bd3 Nc6 10. 0-0 b6 11. Nxd5 Bxd2 12. Bxh7+ Kxh7 13. Qc2+ Kg8 14. Qxc6 Ba6 15. Rfd1 Rc8 16. Qa4 Be2 17. Rxd2 Bxf3 18. Ne3 Bc6 19. Qd1 Qg5 20. Qe2 f5 21. f3 Rcd8 22. Rad1 Bb7 23. Kh1 Rf6 24. Nc4 Bd5 25. b3 Rh6 26. Qf2 f4 27. Ne5 Rf8 28. Rc2 Qh5 29. h3 Be4 30. Rc7 Bf5 31. Kg1 Bxh3 32. gxh3 Qxh3 33. Qg2 Qf5 34. Qxg7# 1-0

[Event "Collado Villalba op-A 27th"]
[Site "Collado Villalba"]
[Date "2010.08.22"]
[Round "3"]
[White "Sanchez Garcia, Manuel"]
[Black "Herrero Corada, Jose Ignacio"]
[Result "1-0"]
[WhiteElo "2002"]
[BlackElo "1891"]
[PlyCount "77"]
[EventDate "2010.08.20"]
[EventType "swiss"]
[EventRounds "10"]
[EventCountry "ESP"]
[SourceTitle "CBM 138 Extra"]
[Source "ChessBase"]
[SourceDate "2010.10.29"]
[SourceVersion "1"]
[SourceVersionDate "2010.10.29"]
[SourceQuality "1"]

1. g3 d5 2. Nf3 Nf6 3. Bg2 c6 4. d3 Bf5 5. 0-0 Nbd7 6. Nbd2 e5 7. Nh4 Be6 8. e4 Be7 9. Re1 dxe4 10. dxe4 0-0 11. Qe2 Qb6 12. h3 Rad8 13. Nhf3 h6 14. b3 Qc7 15. Bb2 b5 16. a4 a6 17. Red1 Nh7 18. Nf1 Ng5 19. Nxg5 Bxg5 20. Nh2 Qc8 21. Nf3 Bf6 22. Kh2 Rfe8 23. Bc3 Qb8 24. axb5 cxb5 25. Rxa6 Qc8 26. Rxe6 Rxe6 27. Ba5 Rde8 28. Qxb5 Nc5 29. Ne1 Nb7 30. h4 Nxa5 31. Qxa5 Ra6 32. Qb5 Ra2 33. Bf1 Rd8 34. Rxd8+ Qxd8 35. Bc4 Qd4 36. Qe8+ Kh7 37. Bxf7 Qxf2+ 38. Ng2 h5 39. Qg8+ 1-0

[Event "Collado Villalba op-A 26th"]
[Site "Collado Villalba"]
[Date "2009.08.26"]
[Round "6"]
[White "Herrero Corada, Jose Ignacio"]
[Black "Rodriguez Yague, Fermin"]
[Result "1-0"]
[WhiteElo "1944"]
[BlackElo "1811"]
[PlyCount "107"]
[EventDate "2009.08.21"]
[EventType "swiss"]
[EventRounds "9"]
[EventCountry "ESP"]
[SourceTitle "CBM 132 Extra"]
[Source "ChessBase"]
[SourceDate "2009.11.03"]
[SourceVersion "1"]
[SourceVersionDate "2009.11.03"]
[SourceQuality "1"]

1. e4 c5 2. d4 cxd4 3. Nf3 Nc6 4. c3 d5 5. exd5 Qxd5 6. cxd4 Bg4 7. Be2 Rd8 8. Nc3 Qa5 9. 0-0 Nf6 10. Be3 e6 11. Qb3 Qb4 12. Qxb4 Nxb4 13. Nb5 Bd6 14. Nxd6+ Rxd6 15. Bb5+ Nc6 16. Ne5 a6 17. Nxc6 bxc6 18. Bxa6 Nd5 19. h3 Bh5 20. Rfc1 Kd7 21. a3 Ra8 22. Bd3 f5 23. g3 h6 24. h4 Nxe3 25. fxe3 g5 26. hxg5 hxg5 27. Kf2 Bg6 28. Rc5 Rd5 29. Rac1 Rxc5 30. Rxc5 Rb8 31. b4 Ra8 32. Rc3 g4 33. Bf1 Rc8 34. a4 Rb8 35. Rb3 Kd6 36. Bg2 Bf7 37. Rb2 Be8 38. a5 Bd7 39. Ke1 Kc7 40. Kd2 Bc8 41. Bf1 Ra8 42. Kc3 Bb7 43. Rh2 Ba6 44. Bxa6 Rxa6 45. Kc4 Kd6 46. Rh7 Ra8 47. Rb7 e5 48. Rb6 exd4 49. Kxd4 Ra7 50. a6 Rd7 51. Rb7 Rxb7 52. axb7 Kc7 53. Ke5 Kxb7 54. Kxf5 1-0

[Event "Moratalaz op 20th"]
[Site "Madrid"]
[Date "2007.09.21"]
[Round "7"]
[White "Herrero Corada, Jose Ignacio"]
[Black "Madina Yadarola, Martin"]
[Result "0-1"]
[WhiteElo "1942"]
[BlackElo "2344"]
[PlyCount "48"]
[EventDate "2007.09.15"]
[EventType "swiss"]
[EventRounds "9"]
[EventCountry "ESP"]
[SourceTitle "EXT 2008"]
[Source "ChessBase"]
[SourceDate "2007.11.25"]
[SourceVersion "1"]
[SourceVersionDate "2007.11.25"]
[SourceQuality "1"]

1. e4 c5 2. d4 cxd4 3. Nf3 d6 4. c3 d3 5. Bxd3 Nc6 6. h3 g6 7. 0-0 Bg7 8. Qe2 Nf6 9. Rd1 Nd7 10. Bf4 0-0 11. c4 a5 12. Nc3 a4 13. Rac1 Nc5 14. Bb1 a3 15. e5 axb2 16. Qxb2 Qa5 17. Bd2 Nxe5 18. Nxe5 Bxe5 19. Qb5 Qxb5 20. cxb5 Be6 21. Bh6 Bg7 22. Bxg7 Kxg7 23. Nd5 Bxd5 24. Rxd5 Ra5 0-1

[Event "Collado Villalba op 24th"]
[Site "Collado Villalba"]
[Date "2007.08.24"]
[Round "2"]
[White "Herrero Corada, Jose Ignacio"]
[Black "Fernandez Fernandez, Jose Manuel"]
[Result "0-1"]
[WhiteElo "1942"]
[BlackElo "1897"]
[PlyCount "50"]
[EventDate "2007.08.23"]
[EventType "swiss"]
[EventRounds "9"]
[EventCountry "ESP"]
[SourceTitle "EXT 2008"]
[Source "ChessBase"]
[SourceDate "2007.11.25"]
[SourceVersion "1"]
[SourceVersionDate "2007.11.25"]
[SourceQuality "1"]

1. e4 c5 2. d4 cxd4 3. Nf3 d6 4. c3 dxc3 5. Nxc3 a6 6. Bc4 Qc7 7. Qe2 e6 8. 0-0 Nc6 9. Bf4 Ne5 10. Bxe5 dxe5 11. Rac1 Ne7 12. Nb5 axb5 13. Bxb5+ Nc6 14. Nxe5 Qxe5 15. Rxc6 Bd7 16. Rb6 Bxb5 17. Rxb5 Qc7 18. a3 Be7 19. Rb3 0-0 20. Rc3 Qb6 21. Rfc1 Rad8 22. Qc2 Bg5 23. Rd1 Rxd1+ 24. Qxd1 Rd8 25. Qc2 Qxb2 0-1